Determinación del comportamiento de la oxidación superficial del silicio poroso nanocristalino para su uso como posible material en sensores de contaminantes químicos
Gorde:
| Egile nagusia: | |
|---|---|
| Beste egile batzuk: | |
| Formatua: | Liburua |
| Hizkuntza: | Spanish |
| Argitaratua: |
[San José , Costa Rica]
2019
|
| Gaiak: | |
| Etiketak: |
Etiketa erantsi
Etiketarik gabe, Izan zaitez lehena erregistro honi etiketa jartzen!
|
MARC
| LEADER | 00000nam a22000007a 4500 | ||
|---|---|---|---|
| 003 | 013097 | ||
| 005 | 20230504112009.0 | ||
| 008 | 190715b2019 cr a|||| |m|| 00| ||spa d | ||
| 040 | |c cru CEDI | ||
| 100 | |9 473 |a Rojas Fernández, Yoselin, 1993- | ||
| 245 | |a Determinación del comportamiento de la oxidación superficial del silicio poroso nanocristalino para su uso como posible material en sensores de contaminantes químicos | ||
| 260 | |a [San José , Costa Rica] |c 2019 | ||
| 500 | |a Tesis (licenciado en ingeniería química)--Universidad de Costa Rica. Facultad de Ingeniería. Escuela de Ingeniería Química | ||
| 501 | |a Director de Tesis de Graduación: Ph.D. Arturo Ramírez Porras | ||
| 650 | |x OXIDACION |x SILICIO |x DETECTORES QUIMICOS |x ELECTROQUIMICA | ||
| 700 | |9 474 |a Ramírez Porras, Arturo, 1965- |d Director del TFG | ||
| 942 | |c CEDI |h TFG 8247 |6 TFG_8247_000000000000000 | ||
| 999 | |c 21759 |d 21759 | ||
